000 00461nam a2200169Ia 4500
008 090711s9999 xx 000 0 und d
082 _b78577
100 _aकलंदर
245 _aकानोकानी कलंदर
260 _c1996
300 _a175
600 _aकलंदर
630 _aकानोकानी कलंदर
700 _aकलंदर
730 _aकानोकानी कलंदर
942 _cBOOK
999 _c289122
_d289122